| 000 | 00524nam a2200181Ia 4500 | ||
|---|---|---|---|
| 003 | GCL | ||
| 008 | 140319s9999 xx 000 0 ara d | ||
| 040 |
_aGCL / _cGCL |
||
| 082 | 0 | 4 |
_a915.54 _bط س |
| 100 | 1 | _aطالب عمران | |
| 245 | 1 | 0 |
_aسحر الاسطورة : رحلة فى اعماق الهند / _cطالب عمران |
| 260 |
_a[S.N] : _bمنشورات وزارة الثقافة ، _c1991 |
||
| 300 | _a221 ص | ||
| 490 | _a | ||
| 650 | 0 | 4 | _aالهند |
| 650 | 0 | 4 | _aوصف ورحلات |
| 942 |
_2ddc _cBK |
||
| 999 |
_c37082 _d37082 |
||